| 000 | 00705nam a2200217 a 4500 | ||
|---|---|---|---|
| 999 |
_c3147 _d3147 |
||
| 001 | 3147 | ||
| 003 | BD-JhCC | ||
| 005 | 20171111163301.0 | ||
| 008 | 171111s1973 bg |||| |||| 000 0 ben d | ||
| 035 | _a(BD-JhCC) 3147 | ||
| 040 |
_aBD-JhCC _dBD-JhCC |
||
| 041 | _aben | ||
| 082 |
_a891.4409 _bRAH 1973 |
||
| 100 | _aরহমান, হাসান হাফিজুর | ||
| 245 |
_aসাহিত্য প্রসঙ্গ / _cহাসান হাফিজুর রহমান |
||
| 260 |
_aঢাকা : _bবাংলা একাডেমী, _c১৯৮৩. |
||
| 300 |
_a১০২ পৃ. : _c২১ সেমি. |
||
| 650 | _aBengali literature | ||
| 942 |
_2ddc _cBK |
||